Responses for Show #6322 - Tuesday, February 28, 2012

2012-A Teachers Tournament final game 2.

Contestants

[<< previous game]

Patrick Quinn, a high school German teacher from Chesterfield, Missouri (subtotal of $5,589)

Justin Hofstetter, a sixth and seventh grade language arts and social studies teacher from Kansas City, Missouri (subtotal of $4,799)

Brooks Humphreys, a high school social studies teacher from Omaha, Nebraska (subtotal of $5,800)

[next game >>]

Jeopardy! Round responses

THE DEWEY DECIMAL SYSTEM
(Alex: Maybe before your time.)
CITY FOLK
THE SHORT FORM
DRUM & DRUMMER
TV SHOW CHARACTERS
BABY, I THINK WE'RE GOING TO MAKE IT
    $200 21
(Justin: What is physics?)

logic

JustinPatrick
    $200 6
Charlotte

Justin
    $200 1
a moment

Justin
    $200 8
(Justin: What is a bongo drum?)
...
(Alex: "Catch" was in quotation marks there to help you out.)

a snare drum

JustinPatrick
    $200 13
Two and a Half Men

Justin
    $200 23
Tolkien

Patrick
    $400 22
(Patrick: What is England?)
...
(Alex: Lit in English from [*] and [**].)

the United States (or Canada)

Patrick
Triple Stumper
    $400 7
Orlando Bloom

Patrick
    $400 2
professional and amateur

Brooks
    $400 9
a bass drum

Brooks
    $400 14
The Big Bang Theory

Justin
    $400 24
Queen Victoria

Justin
    $600 28
(Justin: What is numerology?)

Library Science

Justin
Triple Stumper
    $600 16
Janet Reno

Patrick
    $600 3
intelligence

Brooks
    $600 10
a hi-hat

Patrick
    $600 15
(Justin: What is CHiPS?)
...
(Alex: [*]! We had to go back quite a few years for that one.)

Kojak

BrooksJustin
    $600 25
Madison

Patrick
    $800 29
Epistles

Patrick
    $800 17
Montgomery

Justin
    $800 4
pedi

Justin
    $800 11
splash

Patrick
    $800 19
How I Met Your Mother

Justin
    $800 26
(Justin: Who is Lou Gehrig?)
(Patrick: Who is Clemente?)

Jackie Robinson

JustinPatrick
Triple Stumper
    $1000 30
(Alex: My Posse Don't Do [*]! How would you feel about students who told you that?)

Homework

Triple Stumper
    $2,800 18
(Justin: Who is Johnson?)

Cleveland

Justin
    $1000 5
Caterpillar

Justin
    $1000 12
tom-toms

Patrick
    $1000 20
(Alex: You're watching that show, too, huh?)

Weeds

Justin
    $1000 27
Gracie Allen

Brooks

Scores at the first commercial break (after clue 15):

Brooks Justin Patrick
$2,000 $2,000 $3,000

Scores at the end of the Jeopardy! Round:

Brooks Justin Patrick
$3,000 $600 $4,200

Double Jeopardy! Round responses

CANADA'S WALK OF FAME
BODY WORKS
BEFORE & AFTER
WORKS OF ART
"D" IS FOR...
POETIC LAST LINES
    $400 7
(Brooks: What is Ottawa?)

Toronto

BrooksJustin
    $400 22
thumbs

Patrick
    $400 16
Peter the Great Pumpkin

Justin
    $400 20
Gauguin

Justin
    $400 2
dominoes

Patrick
    $400 1
a whimper

Patrick
    $800 8
Pam Anderson

Justin
    $800 23
metatarsals

Brooks
    $800 17
Chip & Dale Earnhardt, Jr.

Justin
    $800 21
ivory

Patrick
    $800 3
(Alex: It even sounds lethal--it's [*]. Haha.)

a depth charge

Triple Stumper
    $2,000 12
make a tree

Brooks
    $1200 9
Paul Shaffer

Justin
    $1200 24
synovial

Triple Stumper
    $1200 18
Larry King Cobra

Justin
    $1,000 28
(Patrick: No idea.)

The Kiss

Patrick
    $1200 4
a drake

Justin
    $1200 13
(William) Blake

Justin
    $1600 10
Cirque du Soleil

Justin
    $1600 25
the carotid arteries

Patrick
    $1600 19
Bunker Hill Street Blues

Brooks
    $1600 29
Plato & Aristotle

Brooks
    $1600 5
Ducati

Patrick
    $1600 14
Dylan Thomas

Justin
    $2000 11
Neil Young

Brooks
    $2000 26
the jejunum

Triple Stumper
    $2000 27
Steffi Graf Zeppelin

Triple Stumper
    $2000 30
(Alex: When you think of subjects with elongated necks that would be [*].)

Modigliani

Triple Stumper
    $2000 6
De Profundis

Triple Stumper
    $2000 15
(Brooks: What is the moon?)

the light of the moon

Brooks
Triple Stumper

Scores at the end of the Double Jeopardy! Round:

Brooks Justin Patrick
$8,600 $11,400 $8,400

[wagering suggestions for these scores]

Final Jeopardy! Round responses

THE 1960s
(Alex: [To Patrick] [*], for Associate Justice of the Supreme Court.)
PatrickWho is Thurm T. Marshall?
$8,311
BrooksWho is Fortas
$2,000
JustinWho was Robert Kennedy
$10,000
Thurgood Marshall

Final scores:

Brooks Justin Patrick
$6,600 $1,400 $16,711

Cumulative scores:

Brooks Justin Patrick
$12,400 $6,199 $22,300
1st runner-up: $50,000 2nd runner-up: $25,000 Tournament champion: $100,000

Game dynamics:

Coryat scores:

Brooks Justin Patrick
$7,400 $14,200 $9,400
10 R
(including 1 DD),
2 W
21 R,
6 W
(including 1 DD)
16 R,
3 W
(including 1 DD)

Combined Coryat: $31,000

[game clues] [game scores] [suggest correction]

Game tape date: 2012-01-24
The J! Archive is created by fans, for fans. Scraping, republication, monetization, and malicious use prohibited; this site may use cookies and collect identifying information. See terms. The Jeopardy! game show and all elements thereof, including but not limited to copyright and trademark thereto, are the property of Jeopardy Productions, Inc. and are protected under law. This website is not affiliated with, sponsored by, or operated by Jeopardy Productions, Inc. Join the discussion at JBoard.tv.